Egypt- Toward a More Effective Social Policy (رقم التسجيلة. 21677)
[ عرض عادي ]
| 000 -الفاتح | |
|---|---|
| حقل البيانات ثابتة الطول | 00633nam a22002177a 4500 |
| 003 - محدد رقم الضبط | |
| رقم الضبط | INP |
| 005 - وقت وتاريخ اخر تعامل مع التسجيلة | |
| رقم الضبط | 20260622100500.0 |
| 008 - عناصر البيانات ثابتة الطول - معلومات عامة | |
| حقل البيانات ثابتة الطول | 260401b2005 us ja||f |||| 001 0 eng d |
| 040 ## - مصدر الفهرسة | |
| وكالة الفهرسة الأصلية | EG-INP |
| وكالة النسخ | EG-INP |
| 082 ## - رقم تصنيف ديوى العشرى | |
| رقم الطبعة | 21 |
| رقم التصنيف | 362.50962 |
| رقم المادة | E.T |
| 110 ## - المدخل الرئيسى - إسم هيئة | |
| اسم الهيئة أو اسم السلطة كمدخل | The World Bank |
| 245 ## - بيان العنوان | |
| العنوان | Egypt- Toward a More Effective Social Policy |
| العنوان الفرعي | Subsidies and Social Safety Net |
| بيان المسئولية | The World Bank |
| 260 ## - بيانات النشر | |
| مكان الناشر او الموزع | USA |
| اسم الناشر او الموزع | The World Bank |
| تاريخ النشر أو التوزيع | 2005 |
| 300 ## - الوصف المادى | |
| التعداد | 91P |
| تفاصيل ماديه اخرى للوعاء | Paper |
| أبعاد الوعاء | 26cm |
| 650 ## - المدخل الاضافى بالموضوع-مصطلح موضوعى | |
| مصدر الرأس أو المصطلح | Qmark |
| مصطلح موضوعي كعنصر مدخل | Egypt |
| 650 ## - المدخل الاضافى بالموضوع-مصطلح موضوعى | |
| مصدر الرأس أو المصطلح | Qmark |
| مصطلح موضوعي كعنصر مدخل | Social Policy |
| 9 (RLIN) | 3025 |
| 650 ## - المدخل الاضافى بالموضوع-مصطلح موضوعى | |
| مصدر الرأس أو المصطلح | Qmark |
| مصطلح موضوعي كعنصر مدخل | Social Safety Net |
| 9 (RLIN) | 2997 |
| 901 ## - عنصر بيانات محلىA, LDA (RLIN) | |
| كود المفهرس | Emad |
| 903 ## - original or copycat | |
| a | copycat |
| حالة التراجع | المكان المؤقت | الموقع الحالى | نوع وعاء كوها |
|---|---|---|---|
| Library INP | Library INP | مطبوعات البنك الدولي | |
| Library INP | Library INP | مطبوعات البنك الدولي |
Institute of National Planning Catalog